Deconstrucción de la institución literaria en Tormento de Benito Pérez Galdós /
Salvato in:
| Autore principale: | |
|---|---|
| Natura: | Sconosciuto |
| Lingua: | Spanish |
| Soggetti: | |
| Tags: |
Aggiungi Tag
Nessun Tag, puoi essere il primo ad aggiungerne!!
|
MARC
| LEADER | 000000000a22000000004500 | ||
|---|---|---|---|
| 001 | 006388 | ||
| 041 | 0 | |a spa | |
| 100 | 1 | |a Vázquez, Luciana Elena | |
| 245 | 1 | 0 | |a Deconstrucción de la institución literaria en Tormento de Benito Pérez Galdós / |c Luciana Elena Vásquez. |
| 650 | 4 | |a PÉREZ GALDÓS, BENITO | |
| 650 | 4 | |a ANÁLISIS LITERARIO | |
| 650 | 4 | |a TORMENTO | |
| 773 | 0 | |d Argentina : Instituto de Filología y Literaturas Hispánicas |t Filología |g año 28, número 1-2 (1995), páginas 217-223 | |
| 942 | |c ARC | ||
| 999 | |c 12859 |d 12859 | ||
